|
|
|
|
| LEADER |
00943nam a2200241 a 4500 |
| 001 |
2348601 |
| 003 |
BD-DhAAL |
| 008 |
100218s1982 bg b 000 0 eng d |
| 010 |
|
|
|a 82906341
|
| 040 |
|
|
|a DLC
|c DLC
|d DLC
|d OCoLC
|d BD-DhAAL
|
| 082 |
0 |
0 |
|a 305.4/09549/2
|2 19
|
| 245 |
0 |
0 |
|a Exploring the other half :
|b field research with rural women in Bangladesh /
|c edited by Shamima Islam.
|
| 260 |
|
|
|a Dacca :
|b Women for Women,
|c 1982.
|
| 300 |
|
|
|a xv, 226 pages ;
|c 23 cm.
|
| 504 |
|
|
|a Includes bibliographies.
|
| 541 |
1 |
|
|e 00001846
|
| 650 |
|
0 |
|a Rural women
|z Bangladesh
|x Social conditions.
|9 47809
|
| 650 |
|
0 |
|a Rural women
|x Government policy
|z Bangladesh.
|9 60327
|
| 700 |
1 |
|
|a Islam, Shamima.
|
| 852 |
4 |
|
|a Ayesha Abed Library
|j General shelf
|
| 942 |
|
|
|2 ddc
|c BK
|
| 999 |
|
|
|c 7624
|d 7624
|
| 952 |
|
|
|0 0
|1 0
|2 ddc
|4 0
|6 305_409549200000000_EXP_1982
|7 0
|9 8333
|a BRACUL
|b BRACUL
|c GEN
|d 2010-02-22
|g 60.00
|l 0
|o 305.4095492 EXP
|p 3010001846
|r 2010-02-22
|t 1
|w 2010-02-22
|y BK
|